al-Mashāʼil, (Record no. 45876)

MARC details
000 -LEADER
fixed length control field 00564cam a22002051 4500
001 - CONTROL NUMBER
control field ne 63000966
003 - CONTROL NUMBER IDENTIFIER
control field DLC
005 - DATE AND TIME OF LATEST TRANSACTION
control field 20260227111745.0
008 - FIXED-LENGTH DATA ELEMENTS--GENERAL INFORMATION
fixed length control field 830120s1962 ua 000 0 ararc
010 ## - LIBRARY OF CONGRESS CONTROL NUMBER
LC control number ne 63000966
035 ## - SYSTEM CONTROL NUMBER
System control number (OCoLC)9147058
040 ## - CATALOGING SOURCE
Original cataloging agency Princeton Univ. Libr.
Transcribing agency TU
Modifying agency TU
-- DLC
042 ## - AUTHENTICATION CODE
Authentication code premarc
050 00 - LIBRARY OF CONGRESS CALL NUMBER
Classification number PJ7814.M56
Item number M3
100 1# - MAIN ENTRY--PERSONAL NAME
Personal name Amīn, Kāmil.
245 13 - TITLE STATEMENT
Title al-Mashāʼil,
Statement of responsibility, etc. bi-qalam Kamāl Amīn.
260 ## - PUBLICATION, DISTRIBUTION, ETC.
Place of publication, distribution, etc. al-Qāhirah,
Name of publisher, distributor, etc. ʻĀlam al-Kutub
Date of publication, distribution, etc. [tārīkh al-Muqaddimah : 1962]
300 ## - PHYSICAL DESCRIPTION
Extent 162 p.
Dimensions 17 cm.
500 ## - GENERAL NOTE
General note Poems.

No items available.

Powered by Koha